Principles of mechanics
Αποθηκεύτηκε σε:
| Κύριος συγγραφέας: | |
|---|---|
| Άλλοι συγγραφείς: | |
| Μορφή: | Βιβλίο |
| Γλώσσα: | English |
| Δημοσίευση: |
New York :
McGraw-Hill,
1959
|
| Έκδοση: | 3rd ed. |
| Θέματα: | |
| Ετικέτες: |
Προσθήκη ετικέτας
Δεν υπάρχουν, Καταχωρήστε ετικέτα πρώτοι!
|
MARC
| LEADER | 00000nam a2200000 i 4500 | ||
|---|---|---|---|
| 001 | 1/51698 | ||
| 008 | 941103s1959 eng d | ||
| 035 | |a 1992 |c ΔΩΡΕΑ |l 10044214 | ||
| 040 | |a GR-MY-UA |b gre |e aacr | ||
| 041 | 0 | |a eng | |
| 082 | 0 | |a 531. | |
| 100 | 1 | |a Synge, J. L. |q (John Lighton) |d 1897- | |
| 245 | 1 | 0 | |a Principles of mechanics / |c John L. Synge, Byron A. Griffith |
| 250 | |a 3rd ed. | ||
| 260 | |a New York : |b McGraw-Hill, |c 1959 | ||
| 300 | |a 552 p.; |c 24 cm. | ||
| 500 | |a Includes index | ||
| 650 | 0 | 0 | |a Mechanics. |
| 700 | 1 | |a Griffith, Byron Alexander |d 1908- | |
| 852 | |a INST |b SAMOS |e 19941103 |h 531 SYN |p 005300002751 |q 005300002751 |t BK |y 0 | ||
| 909 | |a Σ |b 023785 | ||